00570nam a2200169 a 4500003000400000005001700004008003500021040002200056082002300078100002900101245004700130260005100177300002100228600003700249651006300286710005100349Ost20230719094729.0190322s1977 dr r 000 0 spa d aBPMSUbspacBPMSU 4a987.04bB742B 2221 aBosch, Juan, d1909-200110aBolívar y la guerra social /cJuan Bosch aSanto Domingo :bEditora Alfa y Omegac1977b  a201 p. ;c20 cm. 4aBolívar, Simón, d1783-1830  4aVenezuela xHistoriayGuerra de Independencia, 1810-1823 2 aMinisterio de Cultura (República Dominicana)